Statistics for WWE Royal Rumble 2008 Entrants Quiz

Click here to take the quiz!

General Stats

  • This quiz has been taken 130 times
  • The average score is 18 of 30

Answer Stats

EN Answer EL % Correct
30John CenaW
98%
29Triple H29
95%
1The Undertaker11
90%
8Batista28
89%
20Kane27
88%
2Shawn Michaels12
87%
12CM Punk17
80%
25Mark Henry24
67%
16The Miz13
67%
6John Morrison14
65%
14Umaga26
63%
18Superfly Jimmy Snuka9
61%
19Rowdy Roddy Piper8
61%
24Big Daddy V19
59%
21Carlito22
57%
3Santino Marella1
55%
4The Great Khali2
54%
13Cody Rhodes18
51%
5Hardcore Holly6
49%
23Mr. Kennedy25
48%
27Finlay15
47%
17Shelton Benjamin7
46%
7Tommy Dreamer3
45%
26Chavo Guerrero Jr.23
43%
22Mick Foley20
42%
9Hornswoggle16
41%
15Snitsky10
36%
28Elijah Burke21
35%
10Chuck Palumbo5
33%
11Jamie Noble4
31%

Score Distribution

Percentile by Number Answered

Percent of People with Each Score

Your Score History

You have not taken this quiz